000 01734nam a2200505 i 4500
001 37830
003 KOSZ 005
005 20200408130917.0
008 981218s1998 pl a f f |000 0 pol
015 _aPB 1998/16527
020 _a8371930348
035 _a(PL-WaBN)b12258805-48omnis_nlop
035 _ab12258805
035 _a(OCoLC)749547474
035 _a(PL)b0000012258805
040 _aWA N
_cWA N
_dKOSZ 005/HR
041 0 _apol
046 _k1998
080 _a621.1.01:536.7
080 _a(075.8)
100 1 _aPastucha, Ludwik
_d(1924- ).
_eAutor
245 1 0 _aPodstawy termodynamiki technicznej /
_cLudwik Pastucha, Eugeniusz Mielczarek ; Politechnika Częstochowska.
250 _aWyd. 2 uzup. i popr.
260 _aCzęstochowa :
_bWydawnictwo PC,
_c1998.
300 _a510, [1] s. :
_bportr., rys., wykr. ;
_c24 cm.
336 _2rdacontent
_aTekst
_btxt
337 _2rdamedia
_aBez urządenia pośredniczącego
_bn
338 _2rdacarrier
_aWolumin
_bnc
380 _aKsiążki
380 _aPublikacje dydaktyczne
385 _mPoziom nauczania
_aSzkoły wyższe
388 _a1901-2000
388 _a1989-2000
504 _aBibliogr. s. 510-[511].
658 _aInżynieria i technika
658 _aFizyka i astronomia
655 7 _aPodręczniki akademickie
_2DBN
650 7 _aTermodynamika techniczna
_2DBN
700 1 _aMielczarek, Eugeniusz.
_eAutor
710 2 _aWydawnictwo Politechniki Częstochowskiej
_4pbl
710 2 _aPolitechnika Częstochowska
856 _uhttp://koha.tu.koszalin.pl/cgi-bin/koha/opac-detail.pl?biblionumber=37830
_zKatalog online BPK
942 _2UKD
_cKS
999 _c37830
_d37830